00410ntaaa2200157 45000030003000000050017000030080021000200400037000410820018000782450038000962500010001342600055001443000009001996500023002086500021002310120251027202900.00714s1973 ag 01  aAR-BaBNbspacAR-BaBNeaacrdRIC a269.3000 T22c aCartas Tea a los nuevos creyentes a1 ed. aEl Paso : bCasa Bautista de Publicaciones, c1972 as.p. aevangelismo-laicos anuevos creyentes